| 000 | 00520nam a2200181 a 4500 | ||
|---|---|---|---|
| 001 | 000022988 | ||
| 005 | 20200930021921.0 | ||
| 008 | 101124s1972 sp 000 0 spa d | ||
| 040 |
_aDO-SdBNP _bspa _cBNPHU |
||
| 082 |
_ann* _bnn* |
||
| 245 | 0 | 0 |
_aDiario de Colón / _cprólogo Gregorio Marañón. |
| 250 | _a2a ed. | ||
| 260 |
_aMadrid : _bCultura Hispánica, _c1972. |
||
| 300 |
_a202 p. ; _c18 cm. |
||
| 700 | 1 |
_aMarañón, Gregorio, _epról. _947277 |
|
| 700 | 1 |
_aMarañón, Gregorio, _epról. _947277 |
|
| 049 | _aBNGR | ||
| 999 |
_c22485 _d22485 |
||